Rozsypanka literowa - znani ludzie - Statystyki

Ogólne statystyki
  • Ten quiz został rozwiązany 51 razy
  • Średni wynik to 4 z 11
Statystyki odpowiedzi
Hint Odpowiedź % Poprawnych
RYYDFEKHROPINC Fryderyk Chopin
80%
ŁYKARLOWJOTA Karol Wojtyła
76%
URMAIRACIEŁODSKOWASK Maria Skłodowska-Curie
63%
GIVLUDNAVEEHTOBEN Ludwig van Beethoven
51%
WASRETYOMŁADSYW Władysław Reymont
39%
GALFONWGADUMEZZSAATRZOM Wolfgang Amadeusz Mozart
34%
AAWETNOSICN Isaac Newton
15%
SIENTESIBRETLNA Albert Einstein
10%
ALOSTEICLNA Nicola Tesla
7%
GGJEROOIMRALOGOGREB Jorge Mario Bergoglio
0%
HJOPESZINARRTGE Joseph Ratzinger
0%
Nie znaleziono quizów pasujących do podanych kryteriów
Rozkład punktacji
Procent ludzi z każdym wynikiem
Percentyl według liczby udzielonych odpowiedzi
Twoja historia wyników
Nie rozwiązałeś tego quizu